000 00481nam a2200157Ia 4500
008 151021s9999 xx 000 0 und d
020 _a80164893
050 _aGV184 .T4 1985
245 _a_Leisure services with the elderly Joseph D.Teaff
260 _aMissouri Times mirror 1985
300 _axvi,360p.
500 _aIncludes bibliographies and index
500 _aIncludes bibliographies and index
650 _a_Aged-recreation
980 _a^d20130514 12:38:05^oanne
999 _c13248
_d13248